MDQL
is popping MORE tags! Check the
thread
!
Quizzes
Events
Quiz Creation
Community
Videos
Private Events
Remove Ads
Sign In
Join for FREE
Feedback
Dark Mode
Quiz Categories
Sports
Geography
Music
Movies
Television
Just For Fun
Miscellaneous
History
Literature
Language
Science
Gaming
Entertainment
Religion
Holiday
For Kids
Quiz Lab
Recent
Popular Today
Quiz Kudos Today
Editor Picks
Curator Picks
Quizzes by...
Day
Popularity
Type
Ratings
Length
Year
Community
Subscriptions
Recent Discussions
Orange Saloon
Badges
Playlists
Quests
Create
Leaderboards
Showdown
Live 5
Trivia Bingo
Activity
Puzzle Library
Sporcle Events
Private Events
Virtual Trivia
Globe League
Become a Host
Pub Owners
SporcleCon
Opinionation
Our Games
Videos
Blog
Mobile Apps
Partnerships
Remove Ads and Go Orange
Feedback
Television
TV Characters
TV Show
Sitcom
Network
Friends
Reality Shows
Cast
South Park
Star Trek
The Simpsons
Doctor Who
Television
TV Characters
TV Show
Sitcom
Network
Friends
Reality Shows
Cast
South Park
Star Trek
The Simpsons
Doctor Who
Random Quiz
Search Sporcle
×
Quiz Lab
Quiz Lab
Television
Actor
Type in answers that appear in a list
Type in answers that appear in a list
Classic
Best Score? Go Orange.
ER Docs Stats
Can you name the doctors from 'ER'?
By
mapgar
8m
27 Questions
670 Plays
670 Plays
670 Plays
Comments
Comments
Give Quiz Kudos
Give Quiz Kudos
-
- Ratings
hide this ad
Replay
Link that replays current quiz
Next Quiz
Link to next quiz in quiz playlist
You Got
0%
They Got
Avg Score
69%
Avg Friend Score
Upgrade to see
Score Distribution
Jump to the score distribution portion of the page
Score
0/27
Timer
08:00
0
Plays Today
Actor
Character
% Correct
Noah Wyle
Dr. John Carter
99.1%
Anthony Edwards
Dr. Mark Greene
97.5%
Laura Innes
Dr. Kerry Weaver
94.9%
Eriq La Salle
Dr. Peter Benton
93.9%
Goran Visnjic
Dr. Luka Kovac
93.1%
George Clooney
Dr. Doug Ross
93.1%
Alex Kingston
Dr. Elizabeth Corday
91%
Maura Tierney
Dr. Abby Lockhart
90.7%
Sherry Stringfield
Dr. Susan Lewis
89.9%
Ming-
Na
Dr. Jing-Mei Chen
87%
Paul McCrane
Dr. Robert Romano
85.1%
Mekhi Phifer
Dr. Gregory Pratt
81.9%
Parminder Nagra
Dr. Neela Rasgotra
81.6%
Scott Grimes
Dr. Archie Morris
73.9%
Actor
Character
% Correct
Sharif Atkins
Dr. Michael Gallant
69.7%
Shane West
Dr. Ray Barnett
67.6%
Michael Michele
Dr. Cleo Finch
65.1%
Erik Palladino
Dr. Dave Malucci
64.9%
John Stamos
Dr. Tony Gates
62.8%
Maria Bello
Dr. Anna Del Amico
59%
Angela Basset
Dr. Cate Banfield
44.3%
David Lyons
Dr. Simon Brenner
42.1%
John Aylward
Dr. Donald Anspaugh
39%
Jorja Fox
Dr. Maggie Doyle
37.6%
Leland Orser
Dr. Lucien Dubenko
29.1%
John Leguizamo
Dr. Victor Clemente
26.6%
Elizabeth Mitchell
Dr. Kim Legaspi
22.2%
Quiz Playlist
Details
Report
Send in Message
Add To Playlist
Classic:
Type in answers that appear in a list
Last Updated: Feb 16, 2017
Quiz Scoreboard
CHALLENGE
Sign Up to Join the Scoreboard
Show All
Scores
Hide
Comments
May contain spoilers
Recently Published
Street Fighter Characters
by Artimus82
Gaming
60s
9x9 Crossword: Cartoon Network
by jackfrog10
Miscellaneous
3m
College Basketball Coaching Resumes
by pancakes188
Sports
9m
More to Explore
Quiz From the Vault
Featured Blog Post
Where Did the Easter Bunny Come From?
hide this ad
You Might Also Like...
Tags
Actor Quiz
Character
doc
doctor
season
Today's Top Quizzes in Television
Browse Television
hide this ad
Today's Top Quizzes in Actor
Browse Actor
Top Contributed Quizzes in Television
1
5-to-1: The Simpsons Families
2
5-to-1: Television Doctors
3
Adjectives in 80s TV Shows
4
Adjectives in 00s TV Shows
5
7-to-1: TV Show Settings
6
Adjectives in 10s TV Shows
7
Survivor Journey Challenge
8
5-to-1: Streaming Originals
9
Survivor Seasons
10
One Piece Logic Puzzle
Explore More
Trending Topics
Marvel
Kpop
Anime
Harry Potter
NBA
Disney
Crossword
Pokémon
Soccer
Song
Country
WWE
Puzzle
The Office
NFL
hide this ad
More By:
mapgar
Quiz
Plays
Rating
Category
Featured
Created
Inaccurate Spoilers: TV
117,252
3.47
Television
May 22, 2010
AFI Film Legends Without an Oscar
19,859
4.51
Movies
Dec 20, 2009
Supernatural Deaths
13,742
4.29
Television
May 19, 2010
Buffy Character by First Line
4,582
3.63
Television
May 17, 2010
Actors Who Die A Lot
2,675
2.68
Entertainment
Jan 7, 2010
Go to Creator's Profile
Score Distribution
Quiz Creator Spotlight
mapgar
Follow
Send a Message
Quizzes Created
-
Created Quiz Play Count
-
More By This Creator
Popular Quizzes Today
1
Find the US States - No Outlines Minefield
2
Find the Countries of Europe - No Outlines Minefield
3
The Countries of the World
4
Find the US States
5
Risky Map Clicking: Biggest States A-Z
6
US States
7
Popular People in 1961
8
Movies - When Are They Set?
More Television Quizzes
Our Flag Means Death: Beach Scene (Season 1)
Quiz Lab
Trending Quizzes
Risky Map Clicking: Least Populous States A-Z
1-10 Letter G Words
Risky Map Clicking: Next State Alphabetically
Adjectives in 80s TV Shows
The Seven Year Switch: Catherine
Recently Updated
Leaping Animals
pecheneg
Reality TV Shows (A-Z)
bhenderson79
Rickey Henderson's Hall of Fame Teammates
pecheneg
Champions League XIs: Arsenal
pecheneg
Quick Pick: Celebrities in WWE's Hall of Fame
aduchscher
A-Z Keypad Blitz II
pecheneg
Multiple Oscar Actors
pecheneg
Mystery Phrase Blitz: Oscar 'Best Actors'
pecheneg
F. Scott Fitzgerald Novels
LTH
Pick 3 Villains
ddd62291
Trending Topics
Crossword
Anime
Harry Potter
Disney
NBA
Kpop
Marvel
Song
Country
The Office
Pokémon
WWE
Puzzle
Soccer
NFL
Your Account Isn't Verified!
In order to create a playlist on Sporcle, you need to verify the email address you used during registration. Go to your
Sporcle Settings
to finish the process.
Report this User
Report this user for behavior that violates our
Community Guidelines
.
Details:
Send Report
Go to the Sporcle.com Mobile Site →
Comments